000 00543cam a2200181 4500500
005 20260329002655.0
041 _afre
042 _adc
100 1 0 _aBarton, Adrien
_eauthor
245 0 0 _aCharité bien ordonnée commence par les autres
260 _c2013.
500 _a79
690 _aAide
690 _aCharité
690 _aSinger
786 0 _nPhilosophie magazine | 68 | 4 | 2013-04-01 | p. 77-77 | 1951-1787
856 4 1 _uhttps://shs.cairn.info/magazine-philosophie-magazine-2013-4-page-77?lang=fr&redirect-ssocas=7080
999 _c1817280
_d1817280